La Costa de Plata y el País Vasco : (Record no. 166317)
[ view plain ]
| 000 -LEADER | |
|---|---|
| campo de control de longitud fija | 01526nam a2200325 i 4500 |
| 001 - NÚMERO DE CONTROL | |
| campo de control | 166317 |
| 003 - IDENTIFICADOR DE NÚMERO DE CONTROL | |
| campo de control | ES-MaACL |
| 005 - FECHA Y HORA DE LA ÚLTIMA TRANSACCIÓN | |
| campo de control | 20250811063204.0 |
| 008 - DATOS DE LONGITUD FIJA--INFORMACIÓN GENERAL | |
| campo de control de longitud fija | 190925q1930 sp |||| | spa d |
| 080 ## - NÚMERO DE LA CLASIFICACIÓN DECIMAL UNIVERSAL | |
| Número de la Clasificación Decimal Universal | 913(447.9 Côte d'Argent) |
| 080 ## - NÚMERO DE LA CLASIFICACIÓN DECIMAL UNIVERSAL | |
| Número de la Clasificación Decimal Universal | 913(447.95 Béarn) |
| 080 ## - NÚMERO DE LA CLASIFICACIÓN DECIMAL UNIVERSAL | |
| Número de la Clasificación Decimal Universal | 913(447.95 País Vasco) |
| 100 1# - ENTRADA PRINCIPAL--NOMBRE DE PERSONA | |
| Nombre de persona | Praviel, Armand, |
| Fechas asociadas al nombre | 1875-1944 |
| Término indicativo de función/relación | Autor |
| 9 (RLIN) | 93722 |
| 245 13 - MENCIÓN DEL TÍTULO | |
| Título | La Costa de Plata y el País Vasco : |
| Resto del título | El Bearne / |
| Mención de responsabilidad, etc. | Armand Praviel ; versión española de Joaquín Gallardo ; portada de Tony-Georges Roux |
| 260 ## - PUBLICACIÓN, DISTRIBUCIÓN, ETC. | |
| Lugar de publicación, distribución, etc. | Barcelona : |
| Nombre del editor, distribuidor, etc. | Edita, |
| Fecha de publicación, distribución, etc. | [ca. 1930] |
| 300 ## - DESCRIPCIÓN FÍSICA | |
| Extensión | 168 páginas : |
| Otras características físicas | ilustraciones ; |
| Dimensiones | 21 cm |
| 490 1# - MENCIÓN DE SERIE | |
| Mención de serie | Colección "Los bellos paises" |
| 520 ## - RESUMEN, ETC. | |
| Sumario, etc. | Armand Praviel nos ofrece gran información sobre el País Vasco, con algunos capítulos dedicados a la caza de la paloma en los célebres pasos de los Pirineos, sobre la caza de la gamuza en el País Vasco e información sobre Gastón Febeus. Obra ilustrada con 174 huecograbados de gran calidad |
| 534 ## - NOTA SOBRE LA VERSIÓN ORIGINAL | |
| Encabezamiento principal del original | Título original: Côte d'Argent |
| 651 #7 - PUNTO DE ACCESO ADICIONAL DE MATERIA--NOMBRE GEOGRÁFICO | |
| Nombre geográfico | Côte d'Argent- |
| Subdivisión general | Descripción |
| 9 (RLIN) | 168331 |
| 651 #7 - PUNTO DE ACCESO ADICIONAL DE MATERIA--NOMBRE GEOGRÁFICO | |
| Nombre geográfico | País Vasco (Francia)- |
| Subdivisión general | Descripción |
| 9 (RLIN) | 168332 |
| 651 #4 - PUNTO DE ACCESO ADICIONAL DE MATERIA--NOMBRE GEOGRÁFICO | |
| Nombre geográfico | Béarn (Francia, Región)- |
| Subdivisión general | Descripción |
| 9 (RLIN) | 241685 |
| 700 1# - ENTRADA AGREGADA--NOMBRE PERSONAL | |
| Nombre de persona | Gallardo, Joaquín |
| Término indicativo de función/relación | Traductor |
| 9 (RLIN) | 53483 |
| 700 1# - ENTRADA AGREGADA--NOMBRE PERSONAL | |
| Nombre de persona | Roux, Tony Georges, |
| 9 (RLIN) | 168333 |
| Fechas asociadas al nombre | 1894-1928 |
| Término indicativo de función/relación | Ilustrador |
| 830 #0 - PUNTO DE ACCESO ADICIONAL DE SERIE-TÍTULO UNIFORME | |
| Título uniforme | Colección "Los bellos países" |
| 9 (RLIN) | 186773 |
| 852 ## - LOCALIZACIÓN | |
| Ubicación | ES-MaACL |
| Ubicación en estantería | Depósito 2 |
| Número de control de estantería | P-862-7 |
| 942 ## - ELEMENTOS DE ENTRADA SECUNDARIOS (KOHA) | |
| Fuente del sistema de clasificación o colocación | Clasificación decimal universal |
| Tipo de ítem Koha | Libro impreso |
| Suprimir en OPAC | No |
| Estatus retirado | Estado de pérdida | Estado de daño | No para préstamo | Biblioteca de origen | Biblioteca actual | Ubicación en estantería | Fecha de adquisición | Fuente de adquisición | Total de préstamos | Signatura topográfica completa | Código de barras | Visto por última vez | Precio de reemplazo | Tipo de ítem Koha |
|---|---|---|---|---|---|---|---|---|---|---|---|---|---|---|
| Biblioteca del Ateneo de Madrid | Biblioteca del Ateneo de Madrid | Depósito 2 | 25/09/2019 | P-862-7 | 1201133 | 23/02/2023 | 23/02/2023 | Libro impreso |
